000 00569nam a22001817a 4500
005 20260401134106.0
008 260401b |||||||| |||| 00| 0 eng d
020 _a978-93-5090-468-8
050 _aRA 1063.4 .A 85 2014
100 _aSHETTY, B SURESH KUMAR
245 _aATLAS OF FORENSIC PATHOLOGY
260 _aNEW DELHI,
_bJAYPEE BROTHERS MEDICAL PUBLISHERS (P) LTD
300 _aXVi, 193 P, ILL
500 _aINCLUDES INDEX
650 _a1. FORENSIC PATHOLOGY - ATLASES
700 _aRASTOGI PRATEEK, KANCHAN TANUJ, PADUBIRI JAGADISH RAO
942 _2lcc
_cBK
999 _c216922
_d216922